000 00672nam a2200301Ia 4500
005 20260127113226.0
008 008 260114s9999 xx 000 0 eng d
020 _a9788131609835
037 _aTextbook
040 _aPSDL
040 _beng
040 _cPSDL
041 _2eng
041 _aeng
084 _aY592 Q9
084 _qPSDL
100 _aSatyam, Sunkari
_91111112
245 0 _aTribals & Democratic Politics
245 0 _cSatyam, Sunkari
260 _aNew Delhi
260 _bRawat Publications
260 _c2019
300 _a222
942 _cTB
942 _hY592 Q9
999 _c1677285
_d1677285